Ambient Air Pollution and Lung Cancer Incidence in 1965-1975 among Native Population of An Industrial City

Bibliographic Details
Main Author: Zemla, B. (Author)
Format: Article
Language:Slovak
English
PhysicalDescription:Tb. 5. Grafy 1.
Subjects:

MARC

LEADER 00000nab a2200000 a 4500
001 vtls000096383
003 SK-MaSNL
005 20260304074301.0
008 250422c1981 xo 0 slo
015 |a SNBRB19rr/mm-uuuuu 
035 |a CL0106486 
035 |a urn:nbn:sk:snk-ab70fv 
035 |a (uuid)0ea53e47-398b-42e0-9d56-c952fda9fb0c 
035 |a (urnnbn)urn:nbn:sk:snk:ar-a06fma 
035 |a (sysno)vtls000096383 
040 |a SNKBUCL  |b slo  |c SNKBUCL  |e AACR2 
041 0 |a eng 
044 |a xo  |c SK 
080 |a 616-006  |2 1981 
080 |a 616.2  |2 1981 
100 1 |a Zemla, B.  |4 aut  |9 1160188 
245 1 0 |a Ambient Air Pollution and Lung Cancer Incidence in 1965-1975 among Native Population of An Industrial City  |c B. Zemla 
300 |b Tb. 5. Grafy 1. 
650 0 7 |a rakovina pľúc  |2 snkbucl  |9 28339 
655 7 |a články z novín a časopisov  |2 snkbucl  |9 267496 
773 0 |t Neoplasma  |g Roč. 28, č. 3 (1981), s. 355-361 
850 |a Slovenská národná knižnica 
852 |a Slovenská národná knižnica 
958 |a article27 
958 |a RK 
958 |a MI 
958 |a PL 
958 |a OND 
958 |a EUIPO 
992 |a RBX 
999 |c 2775608  |d 2777538